000 00320nam a22001457a 4500
008 230601b ||||| |||| 00| 0 eng d
020 _a978013418967
041 _aeng
080 _28TH EDITION
_a51
082 _a51TOB
100 _a23
101 _aMATE
245 _aINTERMEDIATE ALGEBRA
_cTOBEY
942 _2udc
_cBK
999 _c59908
_d59908